[Event "7th Gibtelecom Masters"]
[Site "Caleta ENG"]
[Date "2009.01.31"]
[Round "5"]
[White "Perez Ponsa,F"]
[Black "Sokolov,Iv NED"]
[Result "0-1"]
[WhiteElo "2390"]
[BlackElo "2657"]

1.e4 e5 2.Nf3 Nc6 3.Bb5 a6 4.Ba4 Nf6 5.O-O Be7 6.Bxc6 dxc6 7.d3 Nd7 8.Nbd2 f6
9.Nh4 g6 10.Nc4 Nf8 11.Be3 Be6 12.Na5 Qc8 13.d4 Bb4 14.Bd2 Bd6 15.Qf3 Nd7
16.dxe5 fxe5 17.Rad1 Rf8 18.Qc3 Nc5 19.Bh6 Rf7 20.Nf3 Na4 21.Qe3 Nxb2 22.Rb1 Nc4
23.Qc3 Rxf3 24.gxf3 Nxa5 25.Qxa5 Bc4 26.Rfe1 Qh3 27.Qc3 b5 28.Bg5 Kd7 29.Rbd1 Re8
30.Bc1 Ke6 31.Qe3 Rf8 32.f4 Qxe3 33.fxe3 Bxa2 34.Bd2 Bc4 35.Kg2 b4 36.Kg3 a5
37.Ra1 Ra8 38.Kg4 a4 39.Reb1 c5 40.Be1 a3 41.f5+ Kf7  0-1

[Event "7th Gibtelecom Masters"]
[Site "Caleta ENG"]
[Date "2009.02.02"]
[Round "7"]
[White "Kotronias,V"]
[Black "Sokolov,Iv NED"]
[Result "1-0"]
[WhiteElo "2603"]
[BlackElo "2657"]

1.e4 e5 2.Nf3 Nc6 3.Bb5 a6 4.Ba4 Nf6 5.O-O Be7 6.Re1 b5 7.Bb3 O-O 8.c3 d5
9.exd5 Nxd5 10.Nxe5 Nxe5 11.Rxe5 c6 12.d3 Bd6 13.Re1 Qh4 14.g3 Qh3 15.Re4 Qd7
16.Nd2 Kh8 17.Re1 f5 18.Qh5 Nf6 19.Qh3 c5 20.Nf3 Bb7 21.Nh4 Nh5 22.Bg5 Rae8
23.f3 Be5 24.Rad1 Qc6 25.d4 cxd4 26.cxd4 Bxd4+ 27.Kf1 Rxe1+ 28.Rxe1 Bc5 29.Qg2 a5
30.Re6 Qc8 31.Re1 a4 32.Be6 Qc6 33.Qd2 f4 34.gxf4 Qc7 35.f5 Bd6 36.Qc3 Bxh2
37.Qxc7 Bxc7 38.Bf7 Bf4 39.Bxf4 Nxf4 40.Rd1 b4 41.Rd4 a3 42.b3 Ba6+ 43.Kf2 Nd3+
44.Kg3 Ne5 45.Be6 g5 46.fxg6 hxg6 47.f4 Re8 48.Rd6 g5 49.fxe5 gxh4+ 50.Kxh4 Bc8
51.Bxc8 Rxc8 52.Kg5 Rc2 53.Kg6 Rg2+ 54.Kf7 Kh7 55.Rf6 Rxa2 56.Rf1  1-0

[Event "7th Gibtelecom Masters"]
[Site "Caleta ENG"]
[Date "2009.02.04"]
[Round "9"]
[White "Houska,Jo"]
[Black "Sokolov,Iv NED"]
[Result "0-1"]
[WhiteElo "2392"]
[BlackElo "2657"]

1.d4 d5 2.Nf3 c6 3.e3 Bg4 4.c4 e6 5.h3 Bh5 6.Nbd2 Nd7 7.Bd3 Bd6 8.Qc2 Ngf6
9.b3 Rc8 10.c5 Bc7 11.Bb2 Qe7 12.O-O Bg6 13.Rae1 O-O 14.b4 Bxd3 15.Qxd3 Rce8
16.Qa3 a5 17.bxa5 Ra8 18.Nb3 Ne4 19.Qb4 Rfb8 20.a3 f5 21.Nfd2 Ra7 22.f3 Ng3
23.Rf2 Nf6 24.Nf1 Nfh5 25.Qd2 Qh4 26.Bc3 Rf8 27.Nc1 Rf6 28.Nd3 Nxf1 29.Kxf1 Ng3+
30.Kg1 Rg6 31.Ne5 Bxe5 32.dxe5 Nh5 33.Kf1 f4 34.Qd4 Qg3 35.exf4 Qh2 36.Rb2 Ng3+
37.Kf2 Nf5  0-1

[Event "TCh-NED 2008-9"]
[Site "Netherlands NED"]
[Date "2009.03.07"]
[Round "6"]
[White "Sokolov,Iv NED"]
[Black "Pruijssers,R"]
[Result "1/2-1/2"]
[WhiteElo "2658"]
[BlackElo "2452"]

1.d4 Nf6 2.c4 g6 3.Nc3 Bg7 4.e4 d6 5.h3 O-O 6.Be3 e5 7.d5 Na6 8.Bd3 Nd7 9.a3 Nac5
10.Bc2 a5 11.b4 axb4 12.axb4 Rxa1 13.Qxa1 Na6 14.Qb1 c5 15.dxc6 bxc6 16.Nf3 Nb6
17.Nd2 Be6 18.b5 Nc5 19.Qb4 Qc8 20.O-O cxb5 21.Qxb5 Qc7 22.Rb1 Rb8 23.Qa5 Na8
24.Rxb8+ Qxb8 25.Nd5 Bf8 26.Nf3 Qc8 27.Bxc5 dxc5 28.Nxe5 Qb8 29.Nf6+ Kg7
30.Qa1 Qd8 31.Neg4 Bxg4 32.Nxg4+ Kg8 33.Nf6+ Kh8 34.Nd5+ Kg8 35.e5 Nc7 36.Qa5 Ne6
37.Qa7 Qg5 38.Nf6+ Kg7 39.Ne8+ Kg8 40.Nf6+  1/2-1/2

[Event "10th EICC"]
[Site "Budva MNE"]
[Date "2009.03.10"]
[Round "5"]
[White "Sokolov,Iv NED"]
[Black "Maze,S"]
[Result "1-0"]
[WhiteElo "2657"]
[BlackElo "2579"]

1.d4 Nf6 2.c4 e6 3.Nc3 Bb4 4.e3 O-O 5.a3 Bxc3+ 6.bxc3 d5 7.cxd5 exd5 8.Bd3 c5
9.Ne2 b6 10.O-O Ba6 11.f3 Re8 12.Ng3 Qc8 13.e4 cxd4 14.cxd4 Bxd3 15.Qxd3 Qa6
16.Qe3 Nc6 17.e5 Nd7 18.f4 Qa4 19.Bb2 Na5 20.Qf3 Qb3 21.Bc3 Rac8 22.Ne2 Qb5
23.f5 Nf6 24.a4 Qa6 25.Nf4 Ne4 26.Nxd5 Nxc3 27.Nxc3 Nb3 28.Rad1 Qa5 29.Ne4  1-0

[Event "10th EICC"]
[Site "Budva MNE"]
[Date "2009.03.11"]
[Round "6"]
[White "Kurnosov,I"]
[Black "Sokolov,Iv NED"]
[Result "1/2-1/2"]
[WhiteElo "2602"]
[BlackElo "2657"]

1.e4 e5 2.Nf3 Nc6 3.Bb5 a6 4.Ba4 Nf6 5.O-O Be7 6.Re1 b5 7.Bb3 O-O 8.c3 d6
9.h3 h6 10.d4 Re8 11.Nbd2 Bf8 12.Nf1 Bb7 13.Ng3 Na5 14.Bc2 Nc4 15.b3 Nb6
16.a4 d5 17.Nxe5 dxe4 18.Bf4 Nbd5 19.Bd2 Bd6 20.Nxe4 Bxe5 21.dxe5 Rxe5 22.Nxf6+ Qxf6
23.Rxe5 Qxe5 24.axb5 axb5 25.Rxa8+ Bxa8 26.Qg4 Bc6 27.Bxh6 Nxc3 28.Bxg7 Qxg7
29.Qc8+ Qf8 30.Qg4+  1/2-1/2

[Event "10th EICC"]
[Site "Budva MNE"]
[Date "2009.03.12"]
[Round "7"]
[White "Sokolov,Iv NED"]
[Black "Kotronias,V"]
[Result "1-0"]
[WhiteElo "2657"]
[BlackElo "2603"]

1.d4 Nf6 2.c4 g6 3.Nc3 Bg7 4.e4 d6 5.Bd3 O-O 6.Nge2 Nc6 7.O-O e5 8.d5 Nd4
9.Bg5 h6 10.Bh4 g5 11.Bg3 c5 12.dxc6 bxc6 13.c5 dxc5 14.Bxe5 Ng4 15.Bxg7 Kxg7
16.Ng3 Rb8 17.Na4 Qd6 18.Qc1 f5 19.exf5 Bxf5 20.Qxc5 Qxc5 21.Nxc5 Bxd3 22.Nxd3 Rbd8
23.Rad1 Rfe8 24.h3 Ne5 25.Nc5 Kg6 26.Kh1 Rd5 27.Nce4 Ne6 28.Nc3 Rd3 29.Rde1 Nc4
30.Na4 Nd2 31.Rg1 Rdd8 32.Rc1 Rd6 33.Rgd1 Red8 34.Nc5 Ne4 35.Rxd6 Nxg3+ 36.fxg3 Rxd6
37.Nb7 Rd2 38.Rxc6 Kf7 39.Nd6+ Ke7 40.Nf5+ Kf6 41.Nxh6 Rxb2 42.Ra6 Rb1+ 43.Kh2 Re1
44.Ng4+ Kg6 45.a4  1-0

[Event "10th EICC"]
[Site "Budva MNE"]
[Date "2009.03.14"]
[Round "8"]
[White "Navara,D"]
[Black "Sokolov,Iv NED"]
[Result "1/2-1/2"]
[WhiteElo "2638"]
[BlackElo "2657"]

1.c4 Nf6 2.Nc3 e5 3.Nf3 Nc6 4.g3 Bc5 5.Bg2 O-O 6.O-O Re8 7.d3 h6 8.a3 a5
9.e3 d6 10.b3 Bf5 11.Nd5 Be6 12.d4 exd4 13.exd4 Ba7 14.Ne3 d5 15.Bb2 Ne7
16.Qd3 c6 17.Rfe1 Qc7 18.c5 Ne4 19.b4 Ng6 20.Ne5 Nxe5 21.dxe5 b6 22.cxb6 Qxb6
23.Bxe4 dxe4 24.Qxe4 c5 25.Bc3 cxb4 26.axb4 axb4 27.Bxb4 Qd4 28.Qf4 g5 29.Qxd4 Bxd4
30.Rad1  1/2-1/2

[Event "10th EICC"]
[Site "Budva MNE"]
[Date "2009.03.16"]
[Round "10"]
[White "Inarkiev,E"]
[Black "Sokolov,Iv NED"]
[Result "1/2-1/2"]
[WhiteElo "2656"]
[BlackElo "2657"]

1.e4 e5 2.Nf3 Nc6 3.Bb5 a6 4.Ba4 Nf6 5.O-O Nxe4 6.d4 b5 7.Bb3 d5 8.dxe5 Be6
9.Be3 Be7 10.c3 O-O 11.Nbd2 Qd7 12.h3 Rad8 13.Bc2 Bf5 14.Nxe4 Bxe4 15.Bxe4 dxe4
16.Qxd7 Rxd7 17.e6 fxe6 18.Nd2 Ne5 19.b3 Ba3 20.Nxe4 Rd5 21.Rad1 a5 22.Rd2 Rxd2
23.Bxd2 Nf7 24.Bc1 Bd6 25.Rd1 Rb8 26.Be3 Kf8 27.Bd4 h6 28.Kf1 Ra8 29.Nc5 Ke7
30.Re1 Bxc5 31.Bxc5+ Nd6 32.Re5 Rb8 33.h4 a4 34.bxa4 bxa4 35.Bb4 Ra8 36.Ke2 Kd7
37.h5 Ne8 38.a3 Nf6 39.c4 g5 40.hxg6 Rg8 41.Bd2 Rxg6 42.g3 Ne8 43.Ra5 Nd6
44.Rxa4 h5 45.Bf4 Rg8 46.Kd3 Rh8 47.c5 Nf5 48.Re4 h4 49.Be5 Ra8 50.a4 hxg3
51.fxg3 Rg8 52.Kc4 Nxg3 53.Rh4 Kc6 54.Rh7 Rg4+ 55.Kb3 Ne4 56.Rxc7+  1/2-1/2

[Event "10th EICC"]
[Site "Budva MNE"]
[Date "2009.03.17"]
[Round "11"]
[White "Sokolov,Iv NED"]
[Black "Nyback,T"]
[Result "1/2-1/2"]
[WhiteElo "2657"]
[BlackElo "2644"]

1.d4 d5 2.c4 c6 3.Nf3 Nf6 4.Nc3 e6 5.g3 dxc4 6.a4 Nbd7 7.Bg2 Be7 8.O-O O-O
9.a5 Nd5 10.Bd2 b5 11.axb6 N7xb6 12.Ne4 Qc7 13.Qc2 Rb8 14.Nc5 e5 15.Nxe5 Bxc5
16.dxc5 Qxe5 17.e4 c3 18.cxb6 cxd2 19.bxa7 Rxb2 20.Qc5 Bb7 21.exd5 cxd5 22.Rfd1 Ba8
23.Qe3 Re8 24.Qxe5 Rxe5 25.Kf1 g6 26.Ra4 Kg7 27.Rd4 Bc6 28.Bf3 Ra2 29.R4xd2 Rxa7
30.Bxd5 Ba4 31.Rb1 Rd7 32.Ra2 Rexd5  1/2-1/2

[Event "II Gedeon Barcza Mem"]
[Site "Budapest HUN"]
[Date "2009.04.06"]
[Round "1"]
[White "Llaneza Vega,M"]
[Black "Sokolov,Iv NED"]
[Result "0-1"]
[WhiteElo "2522"]
[BlackElo "2669"]

1.e4 e5 2.Nf3 Nc6 3.d4 exd4 4.Nxd4 Bb4+ 5.c3 Bc5 6.Be3 Bb6 7.Nxc6 bxc6 8.Bd4 Qh4
9.Bd3 Ne7 10.O-O O-O 11.a4 Rb8 12.Be5 a5 13.Nd2 d5 14.c4 Ng6 15.Bg3 Qd8 16.exd5 f5
17.Nf3 f4 18.Bxg6 fxg3 19.Be4 Bxf2+ 20.Kh1 Rxf3 21.gxf3 Qh4 22.Rxf2 gxf2
23.Qd4 Bh3 24.d6 Kh8 25.dxc7 Rg8 26.Qd3 Qe7 27.Rf1 Bxf1 28.Qxf1 Qxc7 29.Qxf2 Qf4
30.Qb6 Rb8 31.Qxc6 g6 32.b3 Rxb3 33.Qe8+ Kg7 34.Qd7+ Kh6 35.Qh3+ Kg5 36.Qg2+ Kf6
37.Qc2 Qe3 38.Kg2 Qc3 39.Qd1 Rb2+  0-1

[Event "7th Staunton Memorial"]
[Site "London ENG"]
[Date "2009.08.09"]
[Round "2"]
[White "Sokolov,Ivan"]
[Black "Howell,D"]
[Result "1/2-1/2"]
[WhiteElo "2655"]
[BlackElo "2614"]

1.d4 Nf6 2.c4 g6 3.Nc3 d5 4.Nf3 Bg7 5.Qa4+ Bd7 6.Qb3 dxc4 7.Qxc4 O-O 8.Bf4 c6
9.e4 Qa5 10.b4 Qd8 11.a4 Be6 12.Qd3 Na6 13.Rb1 Nh5 14.Be3 f5 15.Ng5 fxe4
16.Qd2 Bd5 17.Nxd5 Qxd5 18.Qc2 Kh8 19.Bc4 Qf5 20.h3 Nf4 21.Bxf4 Qxf4 22.Ne6 Qf5
23.Nxf8 Rxf8 24.Bxa6 bxa6 25.O-O Bxd4 26.Rbe1 a5 27.bxa5 c5 28.Rxe4 e5 29.Re2 Qxc2
30.Rxc2 Rf6 31.Rb1 Ra6 32.Rb5 Kg7 33.Kf1 Kf6 34.Ke2 Ke6 35.Rcxc5 Bxc5 36.Rxc5 Rd6
37.Rc7 Ra6 38.Rxh7 Rxa5 39.Rh4 Rc5 40.Kd3 Rd5+ 41.Ke3 Rc5 42.Rg4 Kf5 43.Kd3 Rc1
44.f3 g5 45.Rc4 Ra1 46.g4+ Ke6 47.Rc6+ Kd5 48.Rg6 Rxa4 49.Rxg5 Ra3+ 50.Ke2 Kd4
51.Kf2 e4 52.fxe4 Rxh3 53.Ra5 Kxe4 54.g5 Kf4 55.g6 Rf3+ 56.Ke2 Rg3 57.Rxa7 Rxg6  1/2-1/2

[Event "7th Staunton Memorial"]
[Site "London ENG"]
[Date "2009.08.10"]
[Round "3"]
[White "Short,N"]
[Black "Sokolov,Ivan"]
[Result "1-0"]
[WhiteElo "2684"]
[BlackElo "2655"]

1.e4 e5 2.Nf3 Nc6 3.Bc4 Nf6 4.Ng5 d5 5.exd5 Na5 6.Bb5+ c6 7.dxc6 bxc6 8.Bd3 h6
9.Ne4 Nd5 10.O-O g6 11.Re1 Bg7 12.Bf1 O-O 13.d3 f5 14.Nc5 Qd6 15.Nb3 Nb7
16.g3 Be6 17.c4 Nb6 18.Qc2 Nd7 19.Nc3 a5 20.Na4 g5 21.Bd2 Bf7 22.Bc3 Rfe8
23.d4 e4 24.Rad1 Bg6 25.c5 Qc7 26.d5 cxd5 27.Rxd5 Bxc3 28.Qxc3 Ne5 29.Red1 f4
30.c6 Qxc6 31.Rxe5  1-0

[Event "7th Staunton Memorial"]
[Site "London ENG"]
[Date "2009.08.14"]
[Round "7"]
[White "Howell,D"]
[Black "Sokolov,Ivan"]
[Result "1-0"]
[WhiteElo "2614"]
[BlackElo "2655"]

1.e4 e5 2.Nf3 Nc6 3.d4 exd4 4.Nxd4 Bb4+ 5.c3 Bc5 6.Be3 Bb6 7.Qg4 g6 8.Nd2 Nge7
9.Qh4 Nxd4 10.cxd4 d5 11.Bg5 Bxd4 12.O-O-O h6 13.exd5 hxg5 14.Qxd4 Rh4 15.Ne4 Bf5
16.f3 Bxe4 17.fxe4 Kf8 18.g3 Rh7 19.Bc4 Qd6 20.Rhf1 b5 21.Bxb5 Rxh2 22.Rf6 Qxg3
23.Rdf1 Rh7 24.Bc4 Ke8 25.Bb5+ Kf8 26.Bd7 Nc8 27.R6f3 Qh2 28.Qh8+ Ke7 29.Rxf7+  1-0

[Event "7th Staunton Memorial"]
[Site "London ENG"]
[Date "2009.08.15"]
[Round "8"]
[White "Sokolov,Ivan"]
[Black "Short,N"]
[Result "1/2-1/2"]
[WhiteElo "2655"]
[BlackElo "2684"]

1.d4 e6 2.c4 Nf6 3.Nf3 d5 4.Nc3 Nbd7 5.Bg5 h6 6.Bh4 Be7 7.cxd5 Nxd5 8.Bxe7 Qxe7
9.Qc2 Nxc3 10.Qxc3 Nf6 11.Rc1 Bd7 12.Ne5 O-O 13.g3 Bb5 14.Bg2 c6 15.Rc2 Nd5
16.Qc5 Qxc5 17.Rxc5 Rfd8 18.a3 f6 19.Nf3 g5 20.b3 b6 21.Rc2 Ne7 22.e3 Bd3
23.Rc3 Ba6 24.h4 g4 25.Nd2 Rab8 26.Bf1 Bb7 27.Bg2 Ba6 28.Bf1 Bb7 29.Bg2  1/2-1/2

[Event "TCh-SRB 1st League"]
[Site "Kragujevac SRB"]
[Date "2009.09.03"]
[Round "3"]
[White "Efimenko,Z"]
[Black "Sokolov,Iv"]
[Result "1/2-1/2"]
[WhiteElo "2654"]
[BlackElo "2657"]

1.e4 e5 2.Nf3 Nc6 3.Bb5 Nd4 4.Nxd4 exd4 5.O-O Bc5 6.d3 c6 7.Ba4 d6 8.Nd2 Nf6
9.h3 g5 10.e5 dxe5 11.Nf3 e4 12.Nxg5 Rg8 13.Bb3 e3 14.Bxf7+ Ke7 15.Bxg8 Qxg8
16.Ne4 Nxe4 17.dxe4 Bxh3 18.Qf3 Bg4 19.Qg3 Be6 20.Qh4+ Kd7 21.fxe3 dxe3 22.Rd1+ Kc8
23.Re1 e2+ 24.Kh1 Bg4 25.Bg5 h5 26.Be7 Bd4 27.c3 Be5 28.Bf6 Bc7 29.e5 Kd7
30.Rac1 Qg6 31.Qf2 Bb6 32.Qf4 Re8 33.Qd2+ Kc8 34.c4 Qe4 35.c5 Bc7 36.Rc3 Rxe5
37.Bxe5 Qxe5 38.g3 Qe4+ 39.Kg1 Be5 40.Rd3 Bf6 41.b4 h4 42.gxh4 Bxh4 43.Qc3 Qh7
44.Rg3 Qh5 45.a3 a6 46.Qe3 Bxg3 47.Qxg3 Qf5  1/2-1/2

[Event "TCh-SRB 1st League"]
[Site "Kragujevac SRB"]
[Date "2009.09.04"]
[Round "4"]
[White "Sokolov,Iv"]
[Black "Kosic,D"]
[Result "1/2-1/2"]
[WhiteElo "2657"]
[BlackElo "2495"]

1.d4 d5 2.c4 dxc4 3.e3 e5 4.Bxc4 exd4 5.exd4 Bd6 6.Nf3 Nf6 7.O-O O-O 8.h3 Nc6
9.Nc3 h6 10.Qc2 Na5 11.Bd3 Be6 12.Ne5 c5 13.Be3 cxd4 14.Bxd4 Bxe5 15.Bxe5 Nc6
16.Bxf6 Qxf6 17.Be4 Rac8 18.Rad1 b5 19.Rd6 Ne5 20.a3 Nc4 21.Ra6 Nxb2 22.Qxb2 Qxc3
23.Qxc3 Rxc3 24.Rxa7  1/2-1/2

[Event "TCh-SRB 1st League"]
[Site "Kragujevac SRB"]
[Date "2009.09.12"]
[Round "11"]
[White "Sokolov,Iv"]
[Black "Sutovsky,E"]
[Result "1/2-1/2"]
[WhiteElo "2657"]
[BlackElo "2676"]

1.d4 Nf6 2.c4 g6 3.Nc3 d5 4.cxd5 Nxd5 5.Bd2 Bg7 6.e4 Nxc3 7.Bxc3 O-O 8.Nf3 Bg4
9.Qd2 c5 10.d5 Bxf3 11.gxf3 Bxc3 12.bxc3 e6 13.d6 Qf6 14.f4 e5 15.fxe5 Qf3
16.Rg1 Nc6 17.Bg2 Nxe5 18.Rd1 Rad8 19.Bxf3 Nxf3+ 20.Ke2 Nxd2 21.Rxd2 Rfe8
22.Ke3 f5 23.f3 Rd7 24.Rd5 fxe4 25.fxe4 Kf7 26.Rgg5 b6 27.h4 Red8 28.e5 Ke6
29.c4 Rf8 30.h5 Rdf7 31.hxg6 Rf3+ 32.Kd2 Rf2+ 33.Kc3 R2f3+ 34.Kc2 Rf2+ 35.Rd2 hxg6
36.Rxf2 Rxf2+ 37.Kb3 Rd2 38.a4 Rd3+ 39.Kc2 Rd4 40.Kc3 Rd1 41.Kc2 Rd4 42.Kc3 Rd1
43.Kc2 Rd4  1/2-1/2

[Event "TCh-NED 2009-10"]
[Site "Netherlands NED"]
[Date "2009.09.26"]
[Round "1"]
[White "Fridman,Ra"]
[Black "Sokolov,Ivan"]
[Result "1/2-1/2"]
[WhiteElo "2456"]
[BlackElo "2655"]

1.e4 e5 2.Nf3 Nc6 3.Nc3 Nf6 4.Bb5 Bd6 5.O-O O-O 6.a3 Re8 7.d3 h6 8.Re1 Bf8
9.h3 a6 10.Bc4 b5 11.Ba2 Bb7 12.Nd5 Nh7 13.Bd2 d6 14.c4 Ne7 15.Ba5 Rc8 16.Rc1 Qd7
17.Nxe7+ Bxe7 18.c5 Ng5 19.Bb4 Ne6 20.d4 Nxd4 21.Nxd4 exd4 22.Qxd4 Bf6 23.Qd3 Bxb2
24.Rcd1 Be5 25.Qd2 Qe7 26.cxd6 Bxd6 27.Bxd6 cxd6 28.Qxd6 Rc3 29.Qxe7 Rxe7
30.Rd8+ Kh7 31.Rf8 g5 32.Rxf7+ Rxf7 33.Bxf7 Kg7 34.Bh5 Kf6 35.e5+ Ke7 36.Bg4 a5
37.Rd1 Bc6 38.Rd6 Be8 39.Rxh6 Rxa3 40.Rh7+ Kf8 41.Kh2 Ra1 42.h4 gxh4 43.e6 b4
44.Rb7 Re1 45.Rb8 Ke7 46.Rb7+ Kd6 47.f4 Bc6 48.Ra7 a4 49.f5 b3 50.f6 Rf1
51.f7 b2 52.Bf3 Rh1+ 53.Kxh1 b1=Q+ 54.Kh2 Qb8 55.e7 Ke6+ 56.Kh1 Qb1+ 57.Kh2  1/2-1/2

[Event "Corsica Masters"]
[Site "Bastia FRA"]
[Date "2009.10.31"]
[Round "9"]
[White "Hamdouchi,H"]
[Black "Sokolov,Ivan"]
[Result "1/2-1/2"]
[WhiteElo "2590"]
[BlackElo "2657"]

1.e4 e5 2.Nf3 Nc6 3.Bb5 g6 4.d4 exd4 5.Nxd4 Bg7 6.Be3 Nf6 7.Nc3 O-O 8.O-O Ne7
9.e5 Nfd5 10.Nxd5 Nxd5 11.Bc1 d6 12.exd6 Qxd6 13.c3 Bd7 14.Bxd7 Qxd7 15.Nf3 Rfe8
16.Bf4 Qb5 17.Bg3 c6 18.Qb3 Re2 19.Rab1 Qa6 20.Rfe1 Rae8 21.h4 h6 22.Rxe2 Rxe2
23.Re1 Rxe1+ 24.Nxe1 Nf6 25.Nf3 Ne4 26.Qb4 Nxg3 27.fxg3 Bf8 28.Qb3 Bd6 29.Kh2 Qb6
30.Qxb6 axb6 31.Kh3 Kg7 32.g4 Kf6 33.g5+ hxg5 34.Nxg5 Bf4 35.Nf3 Kf5 36.g4+ Ke4
37.Kg2 Bc1 38.b3 Kf4 39.h5 Kxg4 40.hxg6 fxg6 41.Ne5+ Kf5 42.Nc4 Ke4 43.Nxb6 Kd3
44.Nc4 Kxc3 45.Na5 Kb4 46.Nxb7 Bg5 47.a4 Be3 48.Kf3 Bb6 49.Kg4 Kxb3 50.a5 Bxa5
51.Nxa5+  1/2-1/2

[Event "TCh-NED 2009-10"]
[Site "Netherlands NED"]
[Date "2010.01.09"]
[Round "5"]
[White "Sokolov,Ivan"]
[Black "Pruijssers,R"]
[Result "1-0"]
[WhiteElo "2655"]
[BlackElo "2415"]

1.d4 Nf6 2.c4 g6 3.Nc3 Bg7 4.e4 d6 5.Bd3 O-O 6.Nge2 e5 7.d5 a5 8.f3 Na6 9.Bg5 c6
10.Qd2 Bd7 11.O-O Nc5 12.Bc2 cxd5 13.Nxd5 b5 14.Nec3 b4 15.Bxf6 Bxf6 16.Nxf6+ Qxf6
17.Nd5 Qd8 18.f4 Kg7 19.Rf3 Bc6 20.fxe5 dxe5 21.Qf2 Ne6 22.Rf1 f5 23.exf5 Nd4
24.f6+ Kh8 25.Rh3 Bxd5 26.Bxg6 Bg8 27.f7 Ra7 28.Qe3 Qd6 29.fxg8=Q+ Rxg8 30.Be4 Rf8
31.Rxf8+ Qxf8 32.Bxh7 Rxh7 33.Qxe5+ Qg7 34.Qe8+ Qg8 35.Rxh7+ Kxh7 36.Qh5+ Kg7
37.Qg4+  1-0

[Event "TCh-NED 2009-10"]
[Site "Netherlands NED"]
[Date "2010.03.27"]
[Round "8"]
[White "Sokolov,Ivan"]
[Black "Van Wely,L"]
[Result "0-1"]
[WhiteElo "2655"]
[BlackElo "2650"]

1.d4 d5 2.c4 c6 3.Nf3 Nf6 4.Nc3 e6 5.g3 dxc4 6.Bg2 b5 7.Ne5 a6 8.Nxc6 Qb6
9.Ne5 Bb7 10.e4 Nc6 11.Be3 Rd8 12.Nxc6 Qxc6 13.O-O Be7 14.a3 O-O 15.g4 e5
16.d5 Qc7 17.g5 Nd7 18.b4 cxb3 19.Qxb3 Bc5 20.Bd2 Nb6 21.Rfc1 Qe7 22.a4 Nc4
23.Be1 Qxg5 24.Ne2 Nd2 25.Bxd2 Qxd2 26.Rxc5 Qxe2 27.axb5 axb5 28.Qxb5 Qxb5
29.Rxb5 Bc8 30.Rb6 g6 31.Ra5 Kg7 32.Rc5 Kh6 33.f3 Kg5 34.Kf2 h5 35.Ke3 h4
36.d6 h3 37.Rxe5+ Kh4 38.Bf1 Be6 39.Ba6 Rd7 40.Rc5 Ra8 41.Rc7 Rdd8 42.e5 g5
43.Rb4+ Kh5 44.Bc4 Kg6 45.Ke4 Ra1 46.Bxe6 fxe6 47.Rc3 Ra2 48.f4 Re2+ 49.Re3 Rxe3+
50.Kxe3 Kf5 51.fxg5 Kxe5 52.Rb5+ Kxd6 53.Kf4 Ra8 54.Kg4 Ra3 55.Rb7 Ke5 56.Rf7 Ke4
57.g6 Ra1 58.Rf4+ Ke5 59.Rf3 Rg1+ 60.Kh5 Rg2 61.Rxh3 Kf4 62.Kh6 e5 63.Rh4+ Kf5
64.g7 Kf6 65.Ra4 Rxh2+  0-1

[Event "40th Bosna Open"]
[Site "Sarajevo BIH"]
[Date "2010.05.05"]
[Round "1"]
[White "Sokolov,Ivan"]
[Black "Rasidovic,S"]
[Result "1-0"]
[WhiteElo "2654"]
[BlackElo "2348"]

1.d4 e6 2.c4 f5 3.g3 Nf6 4.Bg2 Bb4+ 5.Nd2 O-O 6.Nf3 d5 7.O-O c6 8.Ne5 Nbd7
9.Nd3 Ba5 10.b4 Bc7 11.Bb2 Ne4 12.Rc1 Nxd2 13.Qxd2 Nb6 14.cxd5 cxd5 15.Qc2 Nc4
16.Bc3 Qf6 17.a4 Bd6 18.e3 g5 19.Rfe1 g4 20.b5 Qe7 21.Qb3 Bd7 22.Nc5 b6 23.e4 fxe4
24.Nxe4 Ba3 25.Ra1 Rac8 26.Nd2 Bd6 27.Nxc4 Rxc4 28.Bxd5 Rxc3 29.Qxc3 Bb4
30.Qe3 Bxe1 31.Rxe1 Rf6 32.Bc6 Qf7 33.Qg5+  1-0

[Event "40th Bosna Open"]
[Site "Sarajevo BIH"]
[Date "2010.05.11"]
[Round "7"]
[White "Sokolov,Ivan"]
[Black "Nikcevic,N"]
[Result "1-0"]
[WhiteElo "2654"]
[BlackElo "2387"]

1.d4 Nf6 2.c4 e6 3.Nc3 Bb4 4.e3 O-O 5.Ne2 d5 6.a3 Be7 7.cxd5 exd5 8.Nf4 c6
9.Bd3 Re8 10.O-O Nbd7 11.f3 Nf8 12.b4 Ne6 13.Nfe2 b6 14.Rb1 a5 15.bxa5 Rxa5
16.a4 Bd6 17.Kh1 c5 18.Bb5 Re7 19.dxc5 Bxc5 20.Nd4 Bb7 21.Nce2 Ra8 22.Qd3 Rc7
23.Bb2 Bf8 24.Ba1 Nc5 25.Qd1 Ne8 26.Nf5 Ba6 27.Be5 Rcc8 28.Nc3 Qg5 29.g4 Bxb5
30.axb5 Rd8 31.Nxd5 Rd7 32.e4 g6 33.Rg1 Qd8 34.Nd4 Ra2 35.Nc6 Qh4 36.Rb2 Rxb2
37.Bxb2 Ne6 38.Be5 N6c7 39.Bg3 Qh3 40.Ne5 Rxd5 41.exd5 Nxb5 42.Nd7 h5 43.Nxf8  1-0

[Event "11th Karpov"]
[Site "Poikovsky RUS"]
[Date "2010.06.13"]
[Round "11"]
[White "Sokolov,Ivan"]
[Black "Naiditsch,A"]
[Result "1-0"]
[WhiteElo "2654"]
[BlackElo "2686"]

1.d4 Nf6 2.c4 e6 3.Nc3 Bb4 4.e3 O-O 5.Bd3 d5 6.cxd5 exd5 7.Ne2 Re8 8.Bd2 a5
9.Rc1 b6 10.O-O Ba6 11.Bb1 Bd6 12.Re1 c5 13.Ng3 cxd4 14.exd4 Rxe1+ 15.Qxe1 Nc6
16.Nxd5 Nxd5 17.Rxc6 Qd7 18.Rc1 Re8 19.Qd1 Nf4 20.Be3 h5 21.Qc2 g6 22.Qc6 Qe7
23.Ne4 Ne2+ 24.Kh1 Nxc1 25.Qxe8+ Qxe8 26.Nf6+ Kf8 27.Nxe8 Kxe8 28.Bxc1 Kd7
29.Be4 Ke6 30.b3 f5 31.Bc6 Bd3 32.Bg5 Bc7 33.d5+ Ke5 34.f4+ Kd6 35.Bf6 Kc5
36.Be5 Bd8 37.Be8 Kxd5 38.Bxg6 h4 39.h3 Bb1 40.Bf7+ Ke4 41.a4 b5 42.axb5 Ba2
43.g4 hxg3 44.Kg2 a4 45.Bh5 Bxb3 46.Bf3+ Kd3 47.h4 a3 48.h5 a2 49.h6 Bc7
50.Bb2 Bg8 51.Kxg3 Kc4 52.Bh5 Kxb5 53.Bg6 Kb4 54.Bxf5 Kb3 55.Ba1  1-0

[Event "TCh-SRB 1st League"]
[Site "Vrnjacka Banja SRB"]
[Date "2010.08.22"]
[Round "2"]
[White "Georgiev,Ki"]
[Black "Sokolov,Ivan"]
[Result "1/2-1/2"]
[WhiteElo "2675"]
[BlackElo "2641"]

1.d4 d5 2.c4 c6 3.Nf3 Nf6 4.e3 a6 5.Bd3 Bg4 6.Nbd2 e6 7.Qc2 Nbd7 8.b3 c5
9.Bb2 Rc8 10.O-O Bd6 11.Ne5 Bh5 12.Qb1 Bb8 13.h3 cxd4 14.exd4 dxc4 15.Ndxc4 b5
16.Ne3 Nxe5 17.dxe5 Nd7 18.Re1 Nxe5 19.Be4 Qg5 20.Bc1 Qh4 21.Bb2 Bg6 22.Nf1 Ba7
23.g3 Qf6 24.Re2 Qf3 25.Bxf3 Nxf3+ 26.Kg2 Bxb1 27.Rxb1 Nd4 28.Rd2 Rd8 29.Rbd1 e5
30.f4 f6 31.fxe5 fxe5 32.Re1 Rd5 33.Ne3 Rd7 34.Nf1 O-O 35.Rxe5 Rdf7 36.Bxd4 Bxd4
37.Ree2 Bb6  1/2-1/2

[Event "TCh-SRB 1st League"]
[Site "Vrnjacka Banja SRB"]
[Date "2010.08.23"]
[Round "3"]
[White "Sokolov,Ivan"]
[Black "Sedlak,N"]
[Result "1-0"]
[WhiteElo "2641"]
[BlackElo "2557"]

1.d4 e6 2.c4 f5 3.g3 Nf6 4.Bg2 c6 5.Nh3 d5 6.O-O Bd6 7.b3 Qe7 8.Bf4 Bxf4
9.Nxf4 dxc4 10.bxc4 e5 11.dxe5 Qxe5 12.Nd2 O-O 13.Re1 Ne4 14.Qc2 Re8 15.c5 Na6
16.Nd3 Qc3 17.Qxc3 Nxc3 18.Nc4 Rxe2 19.Nd6 Bd7 20.Rac1 Rxe1+ 21.Rxe1 Na4
22.Nxb7 Rb8 23.Na5 N6xc5 24.Ne5 Be6 25.Naxc6 Rb2 26.a3 Nc3 27.Nd4 Kf8 28.Bf1 Rb1
29.Rxb1 Nxb1 30.Nd3  1-0

[Event "TCh-SRB 1st League"]
[Site "Vrnjacka Banja SRB"]
[Date "2010.08.24"]
[Round "4"]
[White "Kovacevic,A"]
[Black "Sokolov,Ivan"]
[Result "1-0"]
[WhiteElo "2581"]
[BlackElo "2641"]

1.e4 e5 2.Nf3 Nc6 3.Bb5 Nge7 4.Nc3 d6 5.d4 a6 6.Bc4 Nxd4 7.Nxd4 exd4 8.Qxd4 Nc6
9.Qe3 g6 10.Nd5 Bg7 11.Qg3 Nd4 12.Bd3 c6 13.Bg5 f6 14.Be3 Nxc2+ 15.Bxc2 cxd5
16.O-O dxe4 17.Bxe4 d5 18.Bxg6+ hxg6 19.Qxg6+ Kf8 20.Bc5+ Kg8 21.Rfe1 Bd7
22.Re7 Qxe7 23.Bxe7 Rh6 24.Qd3 Be6 25.Rc1 Re8 26.Rc7 Bf7 27.h3 Rh5 28.Rxb7 Re5
29.Bb4 f5 30.Qxa6  1-0

[Event "TCh-SRB 1st League"]
[Site "Vrnjacka Banja SRB"]
[Date "2010.08.25"]
[Round "5"]
[White "Sokolov,Ivan"]
[Black "Drazic,S"]
[Result "1-0"]
[WhiteElo "2641"]
[BlackElo "2535"]

1.d4 Nf6 2.c4 g6 3.Nc3 Bg7 4.Bg5 d6 5.e3 h6 6.Bh4 O-O 7.Nf3 c5 8.d5 a6 9.Nd2 e6
10.a4 exd5 11.cxd5 Nbd7 12.Be2 Re8 13.O-O Rb8 14.a5 Qc7 15.e4 g5 16.Bg3 Ne5
17.Qc2 Nfd7 18.Nd1 b6 19.axb6 Rxb6 20.Ra2 Nf8 21.Bh5 Rb4 22.Ne3 Nfg6 23.Bxg6 fxg6
24.Ndc4 Nf7 25.e5 Nxe5 26.Bxe5 dxe5 27.Qxg6 Rf8 28.Rd1 Qe7 29.d6 Qf7 30.Qxf7+ Rxf7
31.Ra5 Rb5 32.Rxb5 axb5 33.Nb6 Bd7 34.Ned5 Kf8 35.Nc7 c4 36.Nxd7+ Rxd7 37.Nxb5 e4
38.Na3 Ke8 39.Nxc4 Rb7 40.Re1 Kd8 41.Rxe4 Rb4 42.f3 Bxb2 43.Nxb2 Rxb2 44.Re6 h5
45.Re5 h4 46.Rxg5 Kd7 47.h3 Rb1+ 48.Kh2 Rb8 49.Rg4 Rh8 50.Rd4 Rh7 51.Kh1 Rh8
52.Kg1 Rh7 53.f4 Rh5 54.Kh1 Rf5 55.Kh2 Rh5 56.f5 Rxf5 57.Rxh4 Kxd6 58.Re4  1-0

[Event "TCh-BEL 2010-11"]
[Site "Ghent BEL"]
[Date "2010.10.10"]
[Round "2.1"]
[White "Sokolov,Ivan"]
[Black "Khenkin,I"]
[Result "1-0"]
[WhiteElo "2641"]
[BlackElo "2614"]

1.d4 Nf6 2.c4 e6 3.Nc3 Bb4 4.e3 O-O 5.Bd3 d5 6.cxd5 exd5 7.Ne2 Re8 8.Bd2 Bd6
9.Rc1 a6 10.O-O b5 11.Nf4 Bb7 12.Qf3 Ne4 13.Be1 Qg5 14.a4 b4 15.Ncxd5  1-0

[Event "Chigorin Mem Classic Open"]
[Site "St Petersburg RUS"]
[Date "2010.10.28"]
[Round "1"]
[White "Grigoryan,K2"]
[Black "Sokolov,Ivan"]
[Result "0-1"]
[WhiteElo "2290"]
[BlackElo "2641"]

1.d4 Nf6 2.c4 c5 3.d5 e5 4.Nc3 d6 5.e4 a6 6.Be2 Be7 7.Nf3 Nbd7 8.O-O O-O
9.a3 Rb8 10.b4 Qc7 11.Nd2 b6 12.Nb3 Ne8 13.Be3 g6 14.Bd3 Ng7 15.Bh6 Nf6 16.h3 Kh8
17.Qd2 Ng8 18.Be3 Bd7 19.f4 exf4 20.Bxf4 f5 21.Rae1 Bf6 22.exf5 gxf5 23.Nd1 Rf7
24.Bh2 Ne7 25.Kh1 Ng6 26.Ne3 Bh4 27.Rb1 Bg5 28.Qf2 Re8 29.Nc2 f4 30.bxc5 bxc5
31.Bxg6 hxg6 32.Nd2 Bf5 33.Nf3 Bd8 34.Rbe1 Ref8 35.Qd2 g5 36.Na1 Bf6 37.g4 fxg3
38.Bxg3 Bxa1 39.Rxa1 Be4 40.Qxg5 Bxf3+ 41.Kh2 Kg8 42.Rae1 Qd8 43.Qh6 Rf6
44.Qe3 Rf5 45.Rg1 Qf6 46.Rb1 Rh5  0-1